| 000 | 00885nas a2200301 4500 | ||
|---|---|---|---|
| 001 | BR2014002051 | ||
| 003 | BR-BrBNA | ||
| 005 | 20231205123917.0 | ||
| 007 | ta | ||
| 008 | 230509b bl.|||p| |||| 00| 00por d | ||
| 040 |
_aBR-BrBNA _bpor _cBiblioteca Nacional de Agricultura |
||
| 041 | _a(Pt) | ||
| 072 | _aF03; F62 | ||
| 100 | 1 | _aMolizane, D.M. | |
| 100 | 1 | _aKanasshiro, S. | |
| 100 | 1 | _aTavares, A.R. | |
| 100 | 1 | _aBarbedo, C.J. | |
| 245 | 1 | _aMaturação de sementes de Aechmea bromeliifolia (Rudge)Baker e Vriesea paraibica Wawra (Bromeliaceae) | |
| 650 | _aBROMÉLIA | ||
| 650 | _aBROMELIACEAE | ||
| 650 | _aMATURAÇÃO | ||
| 650 | _aFISIOLOGIA | ||
| 650 | _aSEMENTE | ||
| 650 | _aGERMINAÇÃO | ||
| 773 | 0 |
_tHoehnea (Brazil) _xISSN 0073-2877 _g(Dec 2013), v. 40(4) p. 619-625 _wBR2014002051 |
|
| 909 |
_a202311 _bLúcia _c55 _dLúcia Elande |
||
| 942 |
_2AGRIS _n0 _cANA |
||
| 999 |
_c236334 _d236334 |
||